<?xml version="1.0" encoding="UTF-8"?><?xml-stylesheet type="text/xsl" href="static/style.xsl"?><OAI-PMH xmlns="http://www.openarchives.org/OAI/2.0/" xmlns:xsi="http://www.w3.org/2001/XMLSchema-instance" xsi:schemaLocation="http://www.openarchives.org/OAI/2.0/ http://www.openarchives.org/OAI/2.0/OAI-PMH.xsd"><responseDate>2026-06-06T04:19:04Z</responseDate><request verb="GetRecord" identifier="oai:riuma.uma.es:10630/36407" metadataPrefix="marc">https://riuma.uma.es/rest/oai/request</request><GetRecord><record><header><identifier>oai:riuma.uma.es:10630/36407</identifier><datestamp>2026-02-03T11:05:49Z</datestamp><setSpec>com_10630_2254</setSpec><setSpec>col_10630_37953</setSpec></header><metadata><record xmlns="http://www.loc.gov/MARC21/slim" xmlns:dcterms="http://purl.org/dc/terms/" xmlns:doc="http://www.lyncode.com/xoai" xmlns:xsi="http://www.w3.org/2001/XMLSchema-instance" xsi:schemaLocation="http://www.loc.gov/MARC21/slim http://www.loc.gov/standards/marcxml/schema/MARC21slim.xsd">
   <leader>00925njm 22002777a 4500</leader>
   <datafield ind2=" " ind1=" " tag="042">
      <subfield code="a">dc</subfield>
   </datafield>
   <datafield ind2=" " ind1=" " tag="720">
      <subfield code="a">Martínez-Romero, María J.</subfield>
      <subfield code="e">author</subfield>
   </datafield>
   <datafield ind2=" " ind1=" " tag="720">
      <subfield code="a">Diéguez-Soto, Julio</subfield>
      <subfield code="e">author</subfield>
   </datafield>
   <datafield ind2=" " ind1=" " tag="720">
      <subfield code="a">Vandekerkhof, Pieter</subfield>
      <subfield code="e">author</subfield>
   </datafield>
   <datafield ind2=" " ind1=" " tag="260">
      <subfield code="c">2022</subfield>
   </datafield>
   <datafield ind2=" " ind1=" " tag="520">
      <subfield code="a">Research on financial literacy in small and medium enterprises (SMEs) has raised a significant amount of interest in recent years and has evolved both rapidly and unevenly. This paper is the first to provide a reliable, consistent, and up-to-date review of financial literacy in SMEs through the combination of a bibliometric analysis and a systematic literature review. Specifically, and after identifying the most influential agents involved in this field of research, we carried out a co-occurrence analysis of the authors’ keywords, co-citation analysis of the cited references and a subsequent in-depth analysis of a total of 88 documents published between 2005 and 2020. The findings indicate that SME financial literacy research has been primarily analysed regarding the following topics: (1) performance, (2) access to finance, (3) innovation, (4) risk attitude and entrepreneurship, (5) owners-managers, and residual contributions. The theoretical foundations that support this research structure have been (1) the resource-based view, (2) pecking order theory, agency theory and trade-off theory, (3) the entrepreneurial orientation perspective, human capital theory and upper echelon theory, and (4) planned behaviour theory. Subsequently, we developed an integrative framework on which to base proposals of important avenues for future research. Thus, this review offers a thorough and comprehensive overview of this emerging research field.</subfield>
   </datafield>
   <datafield ind1="8" ind2=" " tag="024">
      <subfield code="a">Martínez-Romero, M.J., Diéguez-Soto, J. &amp; Vandekerkhof, P. Enlightening the influence of family TMT involvement on firm growth and degrowth rates. Eurasian Bus Rev 13, 581–610 (2023). https://doi.org/10.1007/s40821-022-00220-5</subfield>
   </datafield>
   <datafield ind1="8" ind2=" " tag="024">
      <subfield code="a">https://hdl.handle.net/10630/36407</subfield>
   </datafield>
   <datafield ind1="8" ind2=" " tag="024">
      <subfield code="a">10.1007/S40821-022-00220-5</subfield>
   </datafield>
   <datafield tag="653" ind2=" " ind1=" ">
      <subfield code="a">Educación financiera</subfield>
   </datafield>
   <datafield tag="653" ind2=" " ind1=" ">
      <subfield code="a">Pequeñas y medianas empresas</subfield>
   </datafield>
   <datafield ind2="0" ind1="0" tag="245">
      <subfield code="a">Enlightening the influence of family TMT involvement on firm growth and degrowth rates.</subfield>
   </datafield>
</record>
</metadata></record></GetRecord></OAI-PMH>